000 00565nam a2200193Ia 4500
005 20250508165824.0
008 008 250505s9999 xx 000 0 eng d
037 _aTheses
040 _aFEDL
_beng
_cFEDL
041 _aeng
_2eng
084 _a375, ASH/TH
_qFEDL
100 _aAshish Ranjan
_9545872
245 0 _aHistory curriculum of Banglasesh, India and Pakistan: A comparative study
260 _c2016
300 _a235p.
546 _aPH.D Thesis (Delhi University); C D Included
942 _cTH
_h375, ASH/TH
999 _c1397668
_d1397668